This .... is CBS : a chronicle of 60 years
| Main Author: | Slater, Robert |
|---|---|
| Published: |
Englewood Cliffs, N.J.:
Prentice-Hall,
1988.
|
| Subjects: |
| LEADER | 00563cam a2200169 7i4500 | ||
|---|---|---|---|
| 001 | 0000047248 | ||
| 005 | 20200221090000.0 | ||
| 020 | |a 0139192344 (hbk.) | ||
| 090 | 0 | 0 | |a PN1992.92.C38 |b S66 1988 |
| 100 | 1 | |a Slater, Robert | |
| 245 | 1 | 0 | |a This .... is CBS : |b a chronicle of 60 years |c Robert Slater. |
| 246 | 3 | |a A chronicle of 60 years. | |
| 260 | |a Englewood Cliffs, N.J.: |b Prentice-Hall, |c 1988. | ||
| 300 | |a 354 p.; |c 24 cm. | ||
| 500 | |a Gift: Zainol Ahmad Resource Center | ||
| 610 | 2 | |a CBS Inc. -- |x History | |
| 999 | |a 0000069268 |b BOK |c OPEN SHELF |e 1st Floor, Bestari Jaya | ||


